Export Treemap By Country - Statistics

General Stats
  • This quiz has been taken 6 times
  • The average score is 6 of 15
Answer Stats
Picture Answer % Correct
China
100%
France
100%
Democratic Republic of the Congo
75%
Ukraine
75%
Australia
50%
Nigeria
50%
Vietnam
50%
Ethiopia
25%
India
25%
South Korea
25%
Brazil
0%
Canada
0%
Fiji
0%
South Africa
0%
Suriname
0%
No matching quizzes found
Score Distribution
Percent of People with Each Score
Percentile by Number Answered
Your Score History
You have not taken this quiz